书目信息 |
| 题名: |
基因工程
|
|
| 作者: | 张惠展 编著 | |
| 分册: | ||
| 出版信息: | 上海 华东理工大学出版社 2017.1 |
|
| 页数: | 563页 | |
| 开本: | 26cm | |
| 丛书名: | 现代生物化学工程丛书 | |
| 单 册: | ||
| 中图分类: | Q78 | |
| 科图分类: | ||
| 主题词: | 基因工程 | |
| 电子资源: | ||
| ISBN: | 978-7-5628-4808-0 | |
| 000 | 01003oam2 2200289 450 | |
| 001 | 0400001620 | |
| 005 | 20171025165237.10 | |
| 010 | @a978-7-5628-4808-0@dCNY78.00 | |
| 100 | @a20170215d2017 em y0chiy50 ea | |
| 101 | 0 | @achi |
| 102 | @aCN@b310000 | |
| 105 | @ay z 000yy | |
| 106 | @ar | |
| 200 | 1 | @a基因工程@9ji yin gong cheng@f张惠展编著 |
| 205 | @a第4版 | |
| 210 | @a上海@c华东理工大学出版社@d2017.1 | |
| 215 | @a563页@d26cm | |
| 225 | 1 | @a现代生物化学工程丛书 |
| 312 | @a封面英文题名:Genetic engineering | |
| 330 | @a本书主要论述基因工程的基本原理、单元操作和应用策略。基本原理涉及基因的高效表达原理、重组表达产物的活性回收原理、基因工程细胞的稳定生产原理;单元操作包括DNA的切接反应、重组DNA分子的转化、转化子的筛选与重组子的鉴定等。 | |
| 461 | 0 | @12001 @a现代生物化学工程丛书 |
| 510 | 1 | @aGenetic engineering@zeng |
| 606 | 0 | @a基因工程 |
| 690 | @aQ78@v5 | |
| 701 | 0 | @a张惠展@9zhang hui zhan@4编著 |
| 801 | 0 | @aCN@b91MARC@c20171019 |
| 905 | @b1030026-30@dQ78@f5@e206=4 | |
| 基因工程/张惠展编著.-第4版.-上海:华东理工大学出版社,2017.1 |
| 563页;26cm.-(现代生物化学工程丛书) |
| ISBN 978-7-5628-4808-0:CNY78.00 |
| 本书主要论述基因工程的基本原理、单元操作和应用策略。基本原理涉及基因的高效表达原理、重组表达产物的活性回收原理、基因工程细胞的稳定生产原理;单元操作包括DNA的切接反应、重组DNA分子的转化、转化子的筛选与重组子的鉴定等。 |
| ● |
| 相关链接 |
|
|
|
|
正题名:基因工程
索取号:Q78/206=4
 
预约/预借
| 序号 | 登录号 | 条形码 | 馆藏地/架位号 | 状态 | 备注 |
| 1 | 1030026 | 210300262 | 第二样本阅览室/ [索取号:Q78/206=4] | 在馆 | |
| 2 | 1030027 | 210300271 | 密集书库-生命科学系/ [索取号:Q78/206=4] | 在馆 | |
| 3 | 1030028 | 210300280 | 第三借阅区/ [索取号:Q78/206=4] | 在馆 | |
| 4 | 1030029 | 210300299 | 第三借阅区/ [索取号:Q78/206=4] | 在馆 | |
| 5 | 1030030 | 210300306 | 第三借阅区/ [索取号:Q78/206=4] | 在馆 |